| 000 | 00410 a2200145 4500 | ||
|---|---|---|---|
| 999 |
_c2281 _d2281 |
||
| 020 | _a9780205272167 | ||
| 050 | _aHM51.NYD 1998 | ||
| 100 | _aNyden Gwendonlyn E. | ||
| 245 |
_aEssentials of sociology: _ba down- to- earth approach / _cNyden Gwendonlyn E. |
||
| 264 |
_aNew York: _bAllyn and Bacon _c1998 |
||
| 300 | _a273 pgs | ||
| 500 | _alncludes index | ||
| 650 | _aSociology | ||
| 942 |
_2lcc _cBK _h51 _iNYD _kHM |
||